[Event "Maringa op 1st"]
[White "Vilas Boas, Leticia Corassari"]
[Black "Martins, Laurel Gilberto"]
[Site "Maringa"]
[Round "2"]
[Result "1-0"]
[Date "2024.07.27"]
[WhiteElo "1800"]
[BlackElo "1800"]
[PlyCount "83"]
[EventDate "2024.07.26"]
[EventType "swiss"]
[EventRounds "6"]
[EventCountry "BRA"]
[SourceTitle "CBM 221 Extra"]
[Source "ChessBase"]
[SourceDate "2024.09.30"]
[SourceVersion "1"]
[SourceVersionDate "2024.09.30"]
[SourceQuality "1"]

1. e4 e5 2. Nf3 Nc6 3. Bc4 Bc5 4. d3 d6 5. Nc3 Be6 6. Bb3 Nf6 7. Bg5 Qd7 8. Qe2 Ng4 9. Na4 Nd4 10. Nxc5 dxc5 11. Bxe6 Qxe6 12. Qd2 f6 13. Nxd4 cxd4 14. Bh4 g5 15. Bg3 0-0-0 16. Qa5 h5 17. h3 h4 18. hxg4 hxg3 19. Rxh8 Rxh8 20. 0-0-0 Qxg4 21. fxg3 Rf8 22. Qxa7 Qxg3 23. Qa8+ Kd7 24. Qxf8 Qe3+ 25. Kb1 Qe2 26. Rc1 Qxg2 27. a3 g4 28. Qxf6 g3 29. Qxe5 Qf2 30. Qf5+ Qxf5 31. exf5 Ke7 32. Rf1 g2 33. Rg1 Kf6 34. Rxg2 Kxf5 35. Rf2+ Ke5 36. Ka2 c5 37. c3 b5 38. Kb3 c4+ 39. dxc4 d3 40. Rd2 Ke4 41. Rxd3 Kxd3 42. cxb5 1-0